Word Ladder: Lock and Keys Quiz Stats

 Plays Quiz not verified by Sporcle

Support Sporcle.
Go Orange.
Score 0/11 Timer 02:00
0 Plays Today
Hint 4-Letter-Word % Correct
Hourglass contentsSAND
95.1%
Camera componentLENS
94.2%
TransmitSEND
94.1%
Lower limbsLEGS
93.6%
LoanLEND
93%
Florida islandsKEYS
92.3%
Beer barrelsKEGS
92.2%
Went to the bottomSANK
89.8%
BagSACK
86.1%
Be withoutLACK
85.7%
Wrestling holdLOCK
81.9%

You're not logged in!

Compare scores with friends on all Sporcle quizzes.
OR
Log In

From the Vault

Gimme a 'B'

by citkeane

Honestly we think this quiz deserves an A, but what can you do?
Remove Ads.
Support Sporcle.
Get the best of Sporcle when you Go Orange. This ad-free experience offers more features, more stats, and more fun while also helping to support Sporcle. Thank you for becoming a member.

Show Comments

Extras

Top Quizzes Today


Score Distribution

Your Account Isn't Verified!

In order to create a playlist on Sporcle, you need to verify the email address you used during registration. Go to your Sporcle Settings to finish the process.

Report this User

Report this user for behavior that violates our Community Guidelines.

Details: